| 000 | 00798cab a2200253 4500 | ||
|---|---|---|---|
| 001 | ABS56584 | ||
| 008 | 090401t1997 xxu||||| |||| 00| 0 eng d | ||
| 035 | _a(Sirsi) u24684 | ||
| 041 | _aeng | ||
| 100 | _aMadge, N. | ||
| 245 | _aImplementation of Housing Act 1996 | ||
| 260 | _c1997 | ||
| 350 | _a0 | ||
| 490 |
_aLegal Action _vFebruary 1997, 18-19(2) |
||
| 520 | _aDescribes the various steps taken to implement the Housing Act 1996 since it received royal assent on 24 July 1996. Covers homelessness, possession proceedings, assured shorthold tenancies and long lessees. | ||
| 650 | _aASSURED SHORTHOLD TENANCIES | ||
| 650 | _aHOMELESS | ||
| 650 | _aHOUSING ACT 1996 | ||
| 650 | _aLEASES | ||
| 650 | _aSOCIAL HOUSING | ||
| 690 | _aHOUSING | ||
| 942 | _n0 | ||
| 948 | _c04/03/1997 | ||
| 999 |
_c16559 _d16559 |
||